LEADER 01045cam0 22002653 450 001 SON0000415 005 20221114093119.0 100 $a20040211d1999 |||||ita|0103 ba 101 $aita 102 $aIT 200 1 $aTra populismo e bolscevismo$eLa costruzione di una tradizione rivoluzionaria in URSS (1917-1941)$eIl fondo russo della Biblioteca Feltrinelli$fa cura di Emanuela Guercetti e Antonello Venturi 210 $aMilano$cFondazione Feltrinelli$d1999 215 $a205 p.$d20 cm 702 1$aGuercetti, Emanuela$3AF00015091$4070 702 1$aVenturi, Antonello$3AF00015092$4070 710 02$a*Fondazione *Giangiacomo *Feltrinelli$b : *Biblioteca$3SOBA00025960$4070$03299 801 0$aIT$bUNISOB$c20221114$gRICA 850 $aUNISOB 852 $aUNISOB$j890$m100867 912 $aSON0000415 940 $aM 102 Monografia moderna SBN 941 $aM 957 $a890$b000573$gSI$d100867$rdono$1carrano$2UNISOB$3UNISOB$420110623095143.0$520110623095218.0$6carrano 996 $aTra populismo e bolscevismo$92961607 997 $aUNISOB